Представление документа в формате MARC21

Поле Инд. ПП Название Значение
Тип записи a
Библиографический уровень m
001 Контрольный номер RU/LIBMSTU/259863015
005 Дата корректировки 20200408143132.9
020 00 a ISBN 5-85864-070-2
c Цена, тираж 8000-00
084 a Индекс другой классификации/Индекс ББК 65.261
090 x Авторский знак Ф 59
a Полочн. индекс 65.26
x Авторский знак Ф 59
245 00 a Заглавие Финансовая стабилизация в России
c Ответственность М. Дмитриев, М. Домбровский, А. Илларионов ; под ред. А. Н. Илларионова, Дж. Сакса ; Ин-т экон. анализа
260 00 a Место издания Москва
b Издательство Прогресс-Академия
c Дата издания 1995
300 00 a Объем 236 с.
650 00 a Основная рубрика Финансы
650 _4 a Основная рубрика Денежное обращение-Россия
653 00 a Ключевые слова Инфляция
653 00 a Ключевые слова Федеральный бюджет